000 00530nam a2200181Ia 4500
008 151202s9999||||xx |||||||||||||| ||und||
082 _bPNVM-53594
100 _aहरकारे अरूण
245 _aकरपलेली पालवी.
260 _b---
260 _c1986
300 _a251
600 _aहरकारे अरूण
630 _aकरपलेली पालवी.
700 _aहरकारे अरूण
730 _aकरपलेली पालवी.
942 _cBOOK
999 _c1320133
_d1320130